Analyzing benefits and costs : a guide for information managers / (Record no. 34377)

MARC details
000 -LEADER
fixed length control field 00784nam a2200193 a 4500
008 - FIXED-LENGTH DATA ELEMENTS--GENERAL INFORMATION
fixed length control field 120416s1994 ||||||||||||||||| || u
020 ## - INTERNATIONAL STANDARD BOOK NUMBER
International Standard Book Number 0889367213
050 ## - LIBRARY OF CONGRESS CALL NUMBER
Classification number Z 674.4 Hor
100 ## - MAIN ENTRY--PERSONAL NAME
Personal name Horton, Forest Woddy
245 10 - TITLE STATEMENT
Title Analyzing benefits and costs : a guide for information managers /
260 ## - PUBLICATION, DISTRIBUTION, ETC.
Place of publication, distribution, etc. Ottawa, Ont., Canada :
Name of publisher, distributor, etc. IDRC
Date of publication, distribution, etc. 1994
300 ## - PHYSICAL DESCRIPTION
Extent xii, 285p. : ill.
350 ## - PRICE (NR) (BK AM CF MU VM SE) [OBSOLETE]
Price 0.00
650 ## - SUBJECT ADDED ENTRY--TOPICAL TERM
Topical term or geographic name entry element INFORMATION
650 ## - SUBJECT ADDED ENTRY--TOPICAL TERM
Topical term or geographic name entry element Information services - Cost effectiveness
650 ## - SUBJECT ADDED ENTRY--TOPICAL TERM
Topical term or geographic name entry element Information services - Developing countries - Cost effectiveness
710 ## - ADDED ENTRY--CORPORATE NAME
Corporate name or jurisdiction name as entry element International Development Research Centre (Canada)
995 ## - RECOMMENDATION 995 [LOCAL, UNIMARC FRANCE]
-- 0.00
-- CBU-MAIN LIBRARY (Kitwe)
-- 1
-- 13.95
-- 1
-- AVAILABLE
-- Annex Low-Usage Collection
Holdings
Withdrawn status Lost status Source of classification or shelving scheme Damaged status Not for loan Home library Current library Shelving location Date acquired Total Checkouts Full call number Barcode Date last seen Price effective from Koha item type
          CBU-MAIN LIBRARY, KITWE. CBU-MAIN LIBRARY, KITWE.   11/30/2022   Z 674.4 Hor 021801 11/30/2022 11/30/2022 MONOGRAPH